[Event "2nd SCS Open"]
[Site "Bhubaneswar IND"]
[Date "2010.05.28"]
[Round "9"]
[White "Kovalyov,A"]
[Black "Karthikeyan,P"]
[Result "1-0"]
[WhiteElo "2615"]
[BlackElo "2411"]

1.c4 Nf6 2.Nf3 e6 3.g3 d5 4.Bg2 Be7 5.d4 O-O 6.O-O dxc4 7.Qc2 a6 8.Qxc4 b5
9.Qc2 Bb7 10.Bd2 Ra7 11.Rc1 Be4 12.Qb3 Nc6 13.e3 Qa8 14.Qd1 b4 15.Qf1 Nb8
16.Ne5 Nfd7 17.Nd3 Bxg2 18.Qxg2 Qxg2+ 19.Kxg2 Rb7 20.Be1 f6 21.Rc4 a5 22.a3 Nb6
23.Rc1 Na6 24.Kf1 Bd6 25.Ke2 bxa3 26.Nxa3 Nb4 27.Bxb4 Bxb4 28.Nxb4 axb4 29.Nc2 Nc4
30.b3 Nd6 31.Ra4 Rfb8 32.Kd3 e5 33.Rca1 exd4 34.exd4 Kf7 35.Ra8 Rxa8 36.Rxa8 Nc8
37.Rxc8  1-0

[Event "Maia Chiburdanidze Cup"]
[Site "Tbilisi GEO"]
[Date "2010.05.28"]
[Round "4"]
[White "Guramishvili,S"]
[Black "Batsiashvili,N"]
[Result "0-1"]
[WhiteElo "2289"]
[BlackElo "2325"]

1.d4 d5 2.c4 e6 3.Nf3 Nf6 4.g3 Be7 5.Bg2 O-O 6.O-O dxc4 7.Qc2 a6 8.Qxc4 b5
9.Qc2 Bb7 10.Bd2 Be4 11.Qc1 Bb7 12.Qc2 Be4 13.Qc1 Ra7 14.Bg5 Nbd7 15.Nbd2 Bd5
16.Re1 h6 17.Bxf6 Nxf6 18.e4 Ba8 19.Qc2 Bb4 20.Rad1 c5 21.dxc5 Rc7 22.Nb3 Qe7
23.Re2 Bxc5 24.Nxc5 Rxc5 25.Qb1 e5 26.Ne1 Rfc8 27.Red2 Rc4 28.f3 Bb7 29.Kh1 Qc7
30.Nd3 Rd8 31.Re1 b4 32.Rdd1 a5 33.Nf2 Rxd1 34.Rxd1 Rc2 35.Nd3 Ba6 36.Bf1 Rc6
37.Kg2 Rc2+ 38.Kh1 Rc6 39.Kg2 Ne8 40.Ne1 Bxf1+ 41.Kxf1 Nd6 42.Qd3 Nc4 43.Qe2 Qb6
44.Rd3 g6 45.b3 Na3 46.Qd2 Kg7 47.Qb2 Rc5 48.f4 Qf6 49.Rf3 exf4 50.Qf2 Rc7
51.Rxf4 Qc3 52.Qb6 Rd7 53.Rf2 Nb1 54.Nf3 Qd3+ 55.Kg2 Qxe4 56.Qxa5 Rd5 57.Qa6 Nc3
58.Qc4 Qxc4 59.bxc4 Ra5 60.Rb2 Rxa2 61.Rxa2 Nxa2 62.c5 Kf6 63.c6 Ke6 64.Nd4+ Kd6
65.Kf3 Nc3 66.Ke3 Nd5+ 67.Kd3 Ne7 68.Nb5+ Kc5 69.Nd4 Nxc6 70.Nb3+ Kd5 71.h3 Ne5+
72.Ke3 Kc4 73.Nd2+ Kc3 74.Ne4+ Kc2 75.Kd4 b3 76.Nd6 b2 77.Nb5 Nf3+ 78.Ke3 Kb3  0-1

[Event "ch-CHN"]
[Site "Xinghua CHN"]
[Date "2010.05.28"]
[Round "5"]
[White "Li Shilong"]
[Black "Ji Dan"]
[Result "1-0"]
[WhiteElo "2514"]
[BlackElo "2379"]

1.d4 d5 2.c4 e6 3.Nf3 Nf6 4.g3 Be7 5.Bg2 O-O 6.O-O dxc4 7.Qc2 a6 8.a4 Bd7
9.Qxc4 Bc6 10.Bg5 b5 11.Qc1 h6 12.Bf4 Nd5 13.Nc3 Nxf4 14.Qxf4 Nd7 15.d5 Bd6
16.Qd2 exd5 17.Nd4 Bb7 18.Nxd5 Nc5 19.axb5 axb5 20.Rxa8 Bxa8 21.Nxb5 Be5
22.Qe3 Nd7 23.Nbc3 Re8 24.Rd1 Qb8 25.Qd2 Nc5 26.Qc2 Bd6 27.Ne3 Bxg2 28.Nxg2 Qb4
29.Ne3 Rb8 30.Qf5 Na4 31.Nxa4 Qxa4 32.Rb1 Qa2 33.Qc2 Be5 34.b4 Qxc2 35.Nxc2 Bd6
36.Kf1 Rb5 37.Ke1 Kf8 38.Kd2 c5 39.Kc3 cxb4+ 40.Nxb4 Rc5+ 41.Kb3 Rb5 42.Ka4 Rb8
43.Rb3 Ra8+ 44.Kb5 Bxb4 45.Kxb4 Ra2 46.Re3 Rc2 47.h4 h5 48.Kb3 Rc1 49.Kb2 Rf1
50.Rf3 Re1 51.e3 g6 52.Kc2 Re2+ 53.Kd1 Ra2 54.Rf4 Ke7 55.Ke1 Ra1+ 56.Ke2 Ra2+
57.Kf3 Rb2 58.Ra4 Ke6 59.Ra5 Kf6 60.e4 Rc2 61.Ke3 Rb2 62.Ra6+ Ke7 63.f3 Rb3+
64.Kf4 Rb5 65.e5 Rc5 66.Ra3 Rb5 67.Rc3 Ra5 68.Rb3 Ke6 69.Rb6+ Ke7 70.Rb4 Ke6
71.Kg5 Ra3 72.Rf4 Re3 73.Rf6+ Ke7 74.Kh6 Rxe5 75.Kg7 Rf5 76.Rxf5 gxf5 77.f4  1-0

[Event "ch-CHN"]
[Site "Xinghua CHN"]
[Date "2010.05.28"]
[Round "5"]
[White "Zhou Weiqi"]
[Black "Zhang Ziyang"]
[Result "1/2-1/2"]
[WhiteElo "2585"]
[BlackElo "2422"]

1.Nf3 Nf6 2.d4 d5 3.c4 e6 4.g3 Be7 5.Bg2 O-O 6.O-O dxc4 7.Qc2 a6 8.a4 Bd7
9.Rd1 Bc6 10.Nc3 a5 11.e4 Na6 12.Ne5 Nb4 13.Qe2 Nd3 14.Nxc4 Nxc1 15.Raxc1 Bb4
16.b3 Qe7 17.Na2 Rfd8 18.Ne5 Be8 19.Nxb4 Qxb4 20.Qc4 Qxc4 21.Rxc4 c6 22.f4 Rab8
23.Rc5 Ra8 24.Kf2 Nd7 25.Nxd7 Bxd7 26.e5 Kf8 27.Ke3 Ke7 28.g4 Rh8 29.Bf3 f6
30.h4 Be8 31.Rg1 Bf7 32.h5 h6 33.Rb1 Ra7 34.exf6+ Kxf6 35.g5+ Ke7 36.Rg1 Raa8
37.Re5 Kd6 38.Be2 b6 39.Bc4 hxg5 40.Rgxg5 Raf8 41.Kf3 Rh6 42.Kg4 Rg8 43.f5 exf5+
44.Rexf5 Be6 45.Bxe6 Kxe6 46.d5+ cxd5 47.Re5+ Kd7 48.Rxd5+ Kc7 49.Rg6 Rxg6+
50.hxg6 Re8 51.Kf5 Rf8+ 52.Ke4 Rf6 53.Rg5 Kd6 54.Kd4 Rf4+ 55.Kc3 Kc6 56.Rg3 Kc5
57.Rg5+ Kc6 58.Rg3 Kc5  1/2-1/2

[Event "III Copa Roggio C"]
[Site "Asuncion PAR"]
[Date "2010.05.29"]
[Round "9"]
[White "Rivarola,P"]
[Black "Florentin,Dam"]
[Result "1/2-1/2"]
[WhiteElo "1652"]
[BlackElo "1782"]

1.d4 Nf6 2.c4 e6 3.Nf3 d5 4.g3 Be7 5.Bg2 O-O 6.O-O Nbd7 7.b3 c6 8.Bb2 Bd6
9.Nbd2 Re8 10.Qc2 Qe7 11.Rfe1 Bb4 12.a3 Ba5 13.b4 Bb6 14.e3 Ng4 15.e4 dxc4
16.Nxc4 Bc7 17.Rad1 Nb6 18.h3 Nxc4 19.Qxc4 Nf6 20.d5 cxd5 21.exd5 Nh5 22.Qd4 Rd8
23.g4 Nf6 24.Ng5 h6 25.Ne4 Ne8 26.d6 Qf8 27.Qe5 f6 28.Qg3 Nxd6 29.Nxd6 Rxd6
30.Rxd6 Qxd6 31.Qxd6 Bxd6 32.Rd1 Bc7 33.a4 Kf7 34.a5 Rb8 35.Bd4 b6 36.Rc1 Bd6
37.axb6 axb6 38.b5 Bd7 39.Bc6 Bc8 40.Ra1 e5 41.Be3 h5 42.gxh5 Bxh3 43.Bd5+ Be6
44.Bxe6+ Kxe6 45.Ra7 Rh8 46.Rxg7 Rxh5 47.Bxb6 e4 48.Be3 Rxb5 49.Kg2 Rh5 50.Ra7 Be5
51.f4 exf3+ 52.Kxf3 Kf5 53.Ra4 Rh3+ 54.Kf2 Rh2+ 55.Kf3 Rb2 56.Rc4 Rb3 57.Ra4 Bc7
58.Ke2 Kg6 59.Rg4+ Kf7  1/2-1/2

[Event "4th ACP World Rapid Cup"]
[Site "Odessa UKR"]
[Date "2010.05.29"]
[Round "4.5"]
[White "Jakovenko,D"]
[Black "Karjakin,Sergey"]
[Result "1/2-1/2"]
[WhiteElo "2725"]
[BlackElo "2739"]

1.d4 Nf6 2.c4 e6 3.g3 Be7 4.Bg2 d5 5.Nf3 O-O 6.O-O dxc4 7.Qc2 a6 8.a4 Bd7
9.Qxc4 Bc6 10.Bg5 h6 11.Bxf6 Bxf6 12.Nc3 Bxf3 13.Bxf3 c6 14.Rfd1 a5 15.b4 axb4
16.Qxb4 Ra7 17.e3 Nd7 18.Rab1 Be7 19.Qb3 Qa5 20.Qc2 Bb4 21.Na2 Be7 22.Nc3 Bb4
23.Na2 Be7 24.Nc3 Bb4 25.Na2  1/2-1/2

[Event "4th ACP World Rapid Cup"]
[Site "Odessa UKR"]
[Date "2010.05.29"]
[Round "4.3"]
[White "Jakovenko,D"]
[Black "Karjakin,Sergey"]
[Result "1/2-1/2"]
[WhiteElo "2725"]
[BlackElo "2739"]

1.d4 Nf6 2.c4 e6 3.g3 d5 4.Bg2 Be7 5.Nf3 O-O 6.O-O dxc4 7.Qc2 a6 8.a4 Bd7
9.Qxc4 Bc6 10.Bg5 h6 11.Bxf6 Bxf6 12.Nc3 Bxf3 13.Bxf3 c6 14.Rad1 Nd7 15.Bg2 Be7
16.e4 Qb6 17.d5 Ne5 18.Qa2 exd5 19.exd5 Rad8 20.Qb1 Rfe8 21.Qc2 Bc5 22.Ne4 Bd4
23.a5 Qxb2 24.Qxb2 Bxb2 25.Nc5 cxd5 26.Nxb7 Rb8 27.Bxd5 Re7 28.Nc5 Rb5 29.Be4 f5
30.Bd5+ Kh7 31.Ne6 Rxa5 32.Nf8+ Kh8 33.f4 Re8 34.fxe5 Rxf8 35.e6 Bf6 36.Bc4 Rc8
37.Bd3 g6 38.g4 Rcc5 39.gxf5 gxf5 40.Rc1 Rxc1 41.Rxc1 Re5 42.Bxa6 Rxe6 43.Bc8 Bd4+
44.Kg2 Rf6 45.Rc7 f4 46.Kf3 Bg1 47.h3 Rg6 48.Bf5 Rg3+ 49.Kxf4 Bh2 50.Rc8+ Rg8+
51.Ke4 Rxc8 52.Bxc8  1/2-1/2

[Event "4th ACP World Rapid Cup"]
[Site "Odessa UKR"]
[Date "2010.05.29"]
[Round "4.1"]
[White "Jakovenko,D"]
[Black "Karjakin,Sergey"]
[Result "1/2-1/2"]
[WhiteElo "2725"]
[BlackElo "2739"]

1.d4 Nf6 2.c4 e6 3.g3 d5 4.Bg2 Be7 5.Nf3 O-O 6.O-O dxc4 7.Qc2 a6 8.a4 Bd7
9.Qxc4 Bc6 10.Bg5 Bd5 11.Qd3 c5 12.Nc3 Bc6 13.Rfd1 cxd4 14.Nxd4 Bxg2 15.Bxf6 Bxf6
16.Kxg2 Nc6 17.Nxc6 bxc6 18.Qc4 Qb6 19.Ne4 Qxb2 20.Rab1 Qe5 21.Rb6 a5 22.Rxc6 Be7
23.Rd7 Bb4 24.Rcc7 h6 25.Qd3 Rac8 26.Ra7 Rc1 27.Qf3 Qf5 28.Qxf5 exf5 29.Nd6 Bxd6
30.Rxd6 Rc5 31.Rda6 f4 32.Rxa5 Rxa5 33.Rxa5 fxg3 34.hxg3 Rc8 35.Ra7 Rc2 36.Kf3 Ra2
37.a5 h5 38.a6 g5 39.Ra8+ Kg7 40.a7 Ra4 41.e4 Ra3+ 42.Kg2 Ra2 43.Kh3 f6 44.Kg2 Kh7
45.Kf1 Ra1+ 46.Ke2 Ra2+ 47.Ke3 Ra3+ 48.Kd4 Kg7 49.e5 fxe5+ 50.Kxe5 h4 51.Kf5 hxg3
52.fxg3 Ra5+ 53.Ke4  1/2-1/2

[Event "XXIX Open A"]
[Site "Zalakaros HUN"]
[Date "2010.05.31"]
[Round "6"]
[White "Banusz,T"]
[Black "Pergel,L"]
[Result "1-0"]
[WhiteElo "2524"]
[BlackElo "2285"]

1.c4 Nf6 2.Nf3 e6 3.g3 d5 4.d4 Be7 5.Bg2 O-O 6.O-O Nbd7 7.Qc2 c6 8.Rd1 b6
9.Bf4 Bb7 10.Nc3 Nh5 11.Bc1 Nhf6 12.e4 Rc8 13.e5 Ne8 14.h4 h6 15.h5 Nc7 16.Nh2 dxc4
17.Qe2 Qe8 18.Qxc4 Nd5 19.Qe2 c5 20.Nxd5 Bxd5 21.Bxd5 exd5 22.Bf4 cxd4 23.Rxd4 Nc5
24.Rxd5 Ne6 25.Be3 Qc6 26.Rad1 Rfd8 27.Rxd8+ Rxd8 28.Rxd8+ Bxd8 29.f4 Qe4
30.Kf2 Be7 31.Nf3 Qb1 32.a3 Qh1 33.b4 Qa1 34.f5 Ng5 35.Bxg5 hxg5 36.e6 Qxa3
37.exf7+ Kf8 38.Nxg5 Qxb4 39.Kg2 Qa4 40.Ne6+ Kxf7 41.Kh3 Qc6 42.Nf4 b5 43.Qa2+ Qc4
44.Qxa7 b4 45.f6 Qc8+ 46.Kh4 gxf6 47.Qa2+ Kg7 48.h6+ Kxh6 49.Qf7 Qf5 50.Qxe7 Qg5+
51.Kh3 Qf5+ 52.Kh4 Qg5+ 53.Kh3 Qf5+ 54.Kg2 Qc2+ 55.Kf3 Qd1+ 56.Kf2 Qd4+ 57.Kg2  1-0

[Event "XXIX Open A"]
[Site "Zalakaros HUN"]
[Date "2010.06.01"]
[Round "7"]
[White "Medvegy,Z"]
[Black "Vajda,Le"]
[Result "1/2-1/2"]
[WhiteElo "2518"]
[BlackElo "2519"]

1.d4 Nf6 2.Nf3 d5 3.c4 e6 4.g3 Be7 5.Bg2 O-O 6.O-O dxc4 7.Qc2 c5 8.dxc5 Bxc5
9.Nbd2 Nbd7 10.Nxc4 h6 11.a3 a5 12.Be3 Bxe3 13.Nxe3 a4 14.Rac1 Ra5 15.Rfd1 Qe7
16.Qd2 Rh5 17.Qd4 Ra5 18.Qd2 Rh5 19.Qd4 Ra5 20.Qc3 Rh5 21.Rd4 Rc5 22.Rc4 b6
23.Qb4 Ba6 24.Rxc5 bxc5 25.Qxa4 Bxe2 26.Qc2 Ba6 27.Nd2 e5 28.Ne4 Rb8 29.Nxf6+ Nxf6
30.h4 e4 31.Qxc5 Qxc5 32.Rxc5 Rxb2 33.g4 Bd3 34.Rc8+ Kh7 35.Rc7 Kg8 36.Rc8+ Kh7
37.Rc7 Kg8 38.Rc8+  1/2-1/2

[Event "XXIX Open A"]
[Site "Zalakaros HUN"]
[Date "2010.06.01"]
[Round "7"]
[White "Voegerl,R"]
[Black "Marton,J"]
[Result "1-0"]
[WhiteElo "2064"]
[BlackElo "2154"]

1.d4 d5 2.c4 e6 3.Nf3 Be7 4.g3 Nf6 5.Bg2 O-O 6.O-O b6 7.cxd5 exd5 8.Nc3 Bb7
9.Bf4 Na6 10.Rc1 c5 11.dxc5 bxc5 12.Qb3 Qb6 13.Nd2 Rfd8 14.Qxb6 axb6 15.Nc4 dxc4
16.Bxb7 Ra7 17.Bg2 Nb4 18.a3 Nbd5 19.Nxd5 Nxd5 20.Bxd5 Rxd5 21.Rxc4 b5 22.Rc2 c4
23.Rd2 Rxd2 24.Bxd2 Bf6 25.Rb1 Kf8 26.Kf1 Ke7 27.Ke1 Kd6 28.Kd1 Kc6 29.Kc2 g6
30.Bc3 Bd8 31.Rd1 Be7 32.e4 Ra8 33.f3 h5 34.e5 g5 35.h3 Rg8 36.Bb4 Bd8 37.Rd6+ Kb7
38.Rd7+ Kc6 39.Rxf7  1-0

[Event "Mitropa Cup"]
[Site "Chur SUI"]
[Date "2010.06.02"]
[Round "5"]
[White "Hug,W"]
[Black "Kreisl,R"]
[Result "1/2-1/2"]
[WhiteElo "2463"]
[BlackElo "2374"]

1.d4 d5 2.Nf3 Nf6 3.c4 e6 4.g3 Be7 5.Bg2 O-O 6.O-O dxc4 7.Qc2 a6 8.a4 Bd7
9.Qxc4 Bc6 10.Bg5 Bd5 11.Qc2 Be4 12.Qd1 c5 13.dxc5 Bxc5 14.Nc3 Bc6 15.Ne5 Bxg2
16.Kxg2 Bd4 17.Nf3 Bxc3 18.bxc3 Qxd1 19.Rfxd1 Nc6 20.Bxf6 gxf6 21.Nd2  1/2-1/2

[Event "ch-CHN w"]
[Site "Xinghua CHN"]
[Date "2010.06.03"]
[Round "10"]
[White "Ju Wenjun"]
[Black "Zhao Xue"]
[Result "1/2-1/2"]
[WhiteElo "2500"]
[BlackElo "2493"]

1.d4 Nf6 2.c4 e6 3.g3 d5 4.Nf3 Be7 5.Bg2 O-O 6.O-O dxc4 7.Qc2 a6 8.a4 Bd7
9.Qxc4 Bc6 10.Bg5 Bd5 11.Qd3 Be4 12.Qe3 Bc6 13.Nc3 a5 14.Qd3 Na6 15.Bxf6 Bxf6
16.e4 Nb4 17.Qe2 b6 18.Rfd1 Bb7 19.Rd2 Re8 20.Rad1 Qd7 21.h4 Rad8 22.Qe3 Qc8
23.Qf4 c5 24.e5 Be7 25.dxc5 Rxd2 26.Rxd2 Qxc5 27.Ng5 Bxg5 28.Qxg5 Bxg2 29.Kxg2 h6
30.Qf4 Nc6 31.Rd6 Nxe5 32.Ne4 Ng6 33.Nxc5 Nxf4+ 34.gxf4 bxc5 35.Rc6 Rb8 36.Rxc5 Rxb2
37.Rxa5 g6 38.h5 Kg7 39.hxg6 Kxg6 40.Rb5 Ra2 41.a5 Ra3 42.f3 f5 43.Rc5 Kf6
44.Rb5 h5 45.Kg3 Ra1 46.Rc5 Ra4 47.Rb5 Ra3 48.Rc5 Ke7 49.Rc7+ Kf6 50.Rh7 Kg6
51.Re7 h4+ 52.Kxh4 Kf6 53.Rb7 Rxf3 54.Rb4 Ra3 55.Rb5 Kf7 56.Rc5 Ke7 57.Rb5 Kf6
58.Rc5 Kg6 59.Re5 Kf7 60.Rc5 Kf6 61.Rb5 Ra4 62.Kg3 Ra3+ 63.Kf2 Kg6 64.Re5 Kh5
65.Rxe6 Rxa5 66.Re5 Ra2+ 67.Kf3 Ra3+ 68.Re3 Rxe3+ 69.Kxe3 Kg4 70.Ke2 Kg3
71.Ke1 Kh3 72.Kf2 Kh2 73.Kf1 Kg3  1/2-1/2

[Event "3rd Mayor's Cup"]
[Site "Mumbai IND"]
[Date "2010.06.04"]
[Round "4"]
[White "Kovalyov,A"]
[Black "Gokhale,C"]
[Result "1-0"]
[WhiteElo "2615"]
[BlackElo "2282"]

1.c4 Nf6 2.Nf3 e6 3.g3 d5 4.d4 Be7 5.Bg2 O-O 6.O-O b6 7.cxd5 exd5 8.Nc3 Bb7
9.Bf4 a6 10.Rc1 Nbd7 11.Nh4 Re8 12.Nf5 Bf8 13.Qb3 c6 14.Nd6 Bxd6 15.Bxd6 Nf8
16.Bxf8 Kxf8 17.Na4 Rxe2 18.Nxb6 Rb8 19.Na4 Qd6 20.Qd3 Rbe8 21.Bf3 R2e7 22.Nc5 Bc8
23.b4 h5 24.Qd2 h4 25.Qg5 hxg3 26.hxg3 Ne4 27.Qh4 Kg8 28.Kg2 g5 29.Nxe4 dxe4
30.Qxg5+ Kf8 31.Bh5 Qxd4 32.Qh6+ Qg7 33.Rxc6 Bb7 34.Qxg7+ Kxg7 35.Rc3 Re5
36.Be2 e3+ 37.Bf3 Bxf3+ 38.Kxf3 Rf5+ 39.Kg2 e2 40.Re1 Rb5 41.Rc4 Reb8 42.Rxe2 Rxb4
43.Rc7 R8b5 44.Re3 Rf5 45.Rc2 Ra4 46.a3 Kg6 47.Rcc3 Kg7 48.f4 Kg6 49.Kf3 Rfa5
50.g4 f6 51.Kg3 Kg7 52.Red3 Kg6 53.Rb3 Rb5 54.Re3 Rxb3 55.Rxb3 Ra5 56.Kh4 Ra4
57.f5+ Kg7 58.Kh5 Kf7 59.Rb7+ Kg8 60.Rb4  1-0

[Event "Mitropa Cup"]
[Site "Chur SUI"]
[Date "2010.06.05"]
[Round "8"]
[White "Buss,Ra"]
[Black "Baramidze,D"]
[Result "1/2-1/2"]
[WhiteElo "2430"]
[BlackElo "2534"]

1.d4 d5 2.c4 e6 3.Nf3 Nf6 4.g3 Be7 5.Bg2 O-O 6.O-O dxc4 7.Qc2 a6 8.Qxc4 b5
9.Qc2 Bb7 10.Bg5 Nbd7 11.Bxf6 Nxf6 12.Nbd2 Rc8 13.Nb3 c5 14.dxc5 Be4 15.Qc3 Bd5
16.Qe3 Bxb3 17.Qxb3 Rxc5 18.Rac1 Qc7 19.Rxc5 Qxc5 20.Rd1 Rc8 21.e3 g6 22.Nd4 Rc7
23.Rd2 Qc1+ 24.Rd1 Qc5 25.Rd2 Qc1+ 26.Rd1 Qc5  1/2-1/2

[Event "Aberto do Brasil"]
[Site "Fortaleza BRA"]
[Date "2010.06.06"]
[Round "6"]
[White "Pinheiro,I"]
[Black "Lima,Da"]
[Result "1/2-1/2"]
[WhiteElo "2239"]
[BlackElo "2492"]

1.Nf3 Nf6 2.g3 d5 3.Bg2 e6 4.c4 Be7 5.d4 O-O 6.Qc2 c5 7.O-O cxd4 8.Nxd4 Nc6
9.Nxc6 bxc6 10.Nd2 a5 11.b3 a4 12.Bb2 a3 13.Bxf6 Bxf6 14.Rad1 Qa5 15.e4 Ba6
16.Rfe1 Rac8 17.Bf1 Rfd8 18.Nf3 dxe4 19.Qxe4 c5 20.Bd3 g6 21.Qf4 Kg7 22.Be4 Rxd1
23.Rxd1 Rd8 24.Rc1 Qb6 25.h4 Qd6 26.Qe3 Bd4 27.Nxd4 Qxd4 28.Qe2 Qd2 29.Rc2 Qxe2
30.Rxe2 Rd1+ 31.Kg2 f5 32.Bf3 Kf6 33.Rc2 Rb1 34.Rd2 Ke7 35.Re2 Rb2 36.Kf1 Kd6
37.Ke1 e5 38.Bd5 h6 39.Kd1 Rxe2 40.Kxe2 e4 41.Ke3 Ke5 42.f4+ exf3 43.Bxf3 g5
44.hxg5 hxg5 45.Kd3 Bc8 46.Kc3 g4 47.Bh1 Be6 48.Bg2 Bf7 49.Bh1 Be6 50.Bg2 f4
51.gxf4+ Kxf4 52.b4 cxb4+ 53.Kxb4 g3 54.c5 Bxa2 55.Kxa3 Be6 56.Kb4 Ke3 57.c6 Kf2
58.Be4 Ke3 59.Bg2 Kf2 60.Be4 Ke3  1/2-1/2

[Event "3rd Mayor's Cup"]
[Site "Mumbai IND"]
[Date "2010.06.07"]
[Round "8"]
[White "Karthikeyan,P"]
[Black "Kravtsiv,M"]
[Result "0-1"]
[WhiteElo "2411"]
[BlackElo "2546"]

1.d4 Nf6 2.c4 e6 3.g3 d5 4.Nf3 Be7 5.Bg2 O-O 6.O-O c6 7.Qc2 Nbd7 8.Rd1 b6
9.Nc3 Bb7 10.e4 dxc4 11.Bg5 h6 12.Bxf6 Nxf6 13.Ne5 b5 14.b3 cxb3 15.Qxb3 a6
16.a4 Nd7 17.d5 cxd5 18.Nxd7 Qxd7 19.exd5 Rab8 20.axb5 axb5 21.Bh3 Kh8 22.Rac1 Bg5
23.Rc2 Qe8 24.dxe6 fxe6 25.Bg2 Bxg2 26.Kxg2 Qc6+ 27.Kg1 Rfc8 28.h4 Bf6 29.Rdc1 Qc4
30.Qb1 Qg4 31.Ne4 Rxc2 32.Qxc2 Bxh4 33.Qc7 Rf8 34.Re1 Bd8 35.Qa7 Qf5 36.Nd6 Qd5
37.Nf7+ Kh7 38.Ne5 Bg5 39.Qc7 Qd2 40.Rf1 Rf5 41.f4 Bf6 42.Nf3 Qe3+ 43.Kg2 Rc5
44.Qf7 Rc2+ 45.Kh3 Qe2  0-1

[Event "TCh-CHN"]
[Site "Shenzhan CHN"]
[Date "2010.06.07"]
[Round "4"]
[White "Zhao Xue"]
[Black "Kuang Yinghui"]
[Result "1-0"]
[WhiteElo "2490"]
[BlackElo "2202"]

1.Nf3 d5 2.d4 Nf6 3.c4 e6 4.g3 Be7 5.Bg2 O-O 6.O-O c6 7.b3 b6 8.Bb2 Ba6 9.Qc2 Nbd7
10.Rd1 Rc8 11.Nc3 dxc4 12.bxc4 Bxc4 13.Ne5 Nxe5 14.dxe5 Nd7 15.Rd4 Bd5 16.Rad1 Nxe5
17.e4 Bc5 18.R4d2 Nc4 19.Rd3 Ne5 20.R3d2 Nc4 21.Re2 Nxb2 22.Qxb2 Qc7 23.exd5 cxd5
24.Nb5 Qd7 25.Red2 h6 26.Bf1 a6 27.Nd4 b5 28.Nf3 Qe7 29.Qb3 Qf6 30.Rc2 Be7
31.Rdc1 Rxc2 32.Rxc2 Rd8 33.Qe3 Qa1 34.Kg2 Bf6 35.Qd2 g5 36.h3 Bg7 37.Rc6 Ra8
38.Bd3 Qb2 39.Rc2 Qa3 40.Be2 b4 41.h4 gxh4 42.Nxh4 b3 43.axb3 Qxb3 44.Rc7 Qb6
45.Qf4 Rf8 46.Bh5 f5 47.Ng6 e5 48.Qc1  1-0

[Event "Copper State Int B"]
[Site "Mesa USA"]
[Date "2010.06.08"]
[Round "8"]
[White "Fridman,D2"]
[Black "Kacheishvili,G"]
[Result "1/2-1/2"]
[WhiteElo "2654"]
[BlackElo "2587"]

1.d4 Nf6 2.Nf3 d5 3.c4 e6 4.g3 Be7 5.Bg2 O-O 6.O-O dxc4 7.Qc2 a6 8.Qxc4 b5
9.Qc2 Bb7 10.Bg5 Nbd7 11.Bxf6 Nxf6 12.Nbd2 Rc8 13.Nb3 Be4 14.Qc3 Nd5 15.Qd2 c5
16.Nxc5 Bxc5 17.dxc5 Rxc5 18.Rfc1 Rxc1+ 19.Rxc1 Qa8 20.Qd4 Nf6 21.Qb6 Nd5
22.Qd4 Nf6 23.Qb6  1/2-1/2

[Event "TCh-CHN"]
[Site "Shenzhan CHN"]
[Date "2010.06.08"]
[Round "5"]
[White "Yang Kaiqi"]
[Black "Ji Dan"]
[Result "1/2-1/2"]
[WhiteElo "2396"]
[BlackElo "2379"]

1.d4 d5 2.c4 e6 3.Nf3 Nf6 4.g3 Be7 5.Bg2 O-O 6.O-O dxc4 7.Qc2 a6 8.Qxc4 b5
9.Qc2 Bb7 10.Bg5 Nbd7 11.Bxf6 Bxf6 12.Ng5 Bxg5 13.Bxb7 Ra7 14.Bg2 c5 15.dxc5 Rc7
16.c6 Nb8 17.a4 Nxc6 18.Bxc6 Qc8 19.axb5 axb5 20.Qc5 Bf6 21.Qxb5 Rxc6 22.Nd2 Rc2
23.Ne4 Bxb2 24.Ra2 Qc4 25.Qxc4 Rxc4 26.Nd2 Rb4 27.Rb1 Bc3 28.Rxb4 Bxb4 29.Nc4 h6
30.Ra7 Bc3 31.Kg2 Rd8 32.f4 Bd4 33.Rb7 Rc8 34.Nd6 Rc2 35.Kf3 f5 36.Re7 Rc3+
37.Kg2 Rc6 38.Rxe6 Kh7 39.e4 fxe4 40.f5 Rc2+ 41.Kh3 e3 42.f6 Bxf6 43.Rxe3 h5
44.Ne4 Kg6  1/2-1/2

[Event "TCh-CHN"]
[Site "Shenzhan CHN"]
[Date "2010.06.09"]
[Round "6"]
[White "Yang Kaiqi"]
[Black "Liu Qingnan"]
[Result "1/2-1/2"]
[WhiteElo "2396"]
[BlackElo "2445"]

1.Nf3 e6 2.c4 Nf6 3.g3 d5 4.d4 Be7 5.Bg2 O-O 6.O-O dxc4 7.Qc2 a6 8.Qxc4 b5
9.Qc2 Bb7 10.Bd2 Be4 11.Qc1 Bb7 12.Bf4 Nd5 13.Nbd2 Nxf4 14.gxf4 Nd7 15.Nb3 c5
16.Nxc5 Nxc5 17.dxc5 Qc7 18.b4 a5 19.a3 Bf6 20.Rb1 Be4 21.Ng5 Bxb1 22.Bxa8 Bxg5
23.fxg5 Rxa8 24.Qxb1 Qf4 25.Kh1 axb4 26.axb4 Qxg5 27.Qd3 Qf4 28.Rd1 g6 29.c6 Rc8
30.Qxb5 Qe4+ 31.f3 Qxc6 32.Rd8+ Kg7 33.Qe5+ f6 34.Rxc8 Qxc8 35.Qd6 Qc4 36.Qe7+ Kg8
37.Qd8+ Kg7 38.Qd7+ Kf8 39.Qd2 Ke7 40.Kg2 h5 41.Qb2 Kd6 42.Kf1 e5 43.Qa3 Ke6
44.Qa4 Qc1+ 45.Kf2 Qh1 46.Qc6+ Ke7 47.Qc7+ Ke6 48.Qc4+ Ke7 49.Qh4 Qb1 50.Qc4 Qh1
51.Qh4 Qb1 52.Kg2 Qc2 53.Qf2 Qc4 54.Qa7+ Ke6 55.Qb6+ Ke7 56.Qb7+ Ke6 57.Qb6+ Ke7
58.Kf2 Qh4+ 59.Kg2 Qc4  1/2-1/2

[Event "45th Capablanca Mem Open"]
[Site "Havana CUB"]
[Date "2010.06.12"]
[Round "3"]
[White "Gonzalez Vidal,Y"]
[Black "Guerra Tulcan,L"]
[Result "1/2-1/2"]
[WhiteElo "2543"]
[BlackElo "2354"]

1.d4 d5 2.c4 e6 3.Nf3 Nf6 4.g3 Be7 5.Bg2 dxc4 6.O-O O-O 7.Qc2 a6 8.Qxc4 b5
9.Qc2 Bb7 10.Bd2 Nbd7 11.Ba5 Rc8 12.Nbd2 Nb8 13.a3 Nc6 14.Bc3 b4 15.axb4 Nxb4
16.Bxb4 Bxb4 17.Nb3 Be4 18.Qc4 Bd5 19.Qd3 Bxb3 20.Qxb3 a5 21.Rfd1 c5 22.Rac1 cxd4
23.Rxc8 Qxc8 24.Nxd4 Rd8 25.Nc6 Rxd1+ 26.Qxd1 Qd7 27.Qc2 Qd2 28.Nxb4 Qe1+
29.Bf1 Qxb4 30.Qc8+ Qf8 31.Qc7 Qa8 32.Bg2 Nd5 33.Qc5 g6 34.h4 Qd8 35.Qd4 Qb6
36.Qe5 Qc7 37.Qg5 Kg7 38.Bxd5 exd5 39.Qd2 h5 40.e3 Qc5 41.Kg2 Kf6 42.Qd3 Qc4
43.Qa3 Qe4+ 44.Kf1 Qb1+ 45.Kg2 Qe4+ 46.Kf1  1/2-1/2

[Event "45th Capablanca Mem Premier"]
[Site "Havana CUB"]
[Date "2010.06.13"]
[Round "4"]
[White "Cordova,E"]
[Black "Corrales Jimenez,F"]
[Result "1-0"]
[WhiteElo "2552"]
[BlackElo "2590"]

1.d4 Nf6 2.Nf3 e6 3.g3 d5 4.Bg2 Be7 5.c4 O-O 6.Qc2 c5 7.dxc5 d4 8.b4 a5 9.Bb2 Nc6
10.b5 Nb4 11.Qd1 d3 12.O-O Bxc5 13.Nc3 a4 14.a3 Nc2 15.Rc1 dxe2 16.Nxe2 Nxa3
17.Ne5 Qe7 18.Nf4 Nd7 19.Ned3 Nb6 20.Nxc5 Qxc5 21.Bd4 Qc7 22.Bxb6 Qxb6 23.Qd3 Nxb5
24.cxb5 Rd8 25.Qa3 Bd7 26.Rc5 Ra5 27.Rb1 Qd6 28.Qc3 b6 29.Nh5 f6 30.Rg5 Kh8
31.Rxg7 Rxb5 32.Be4 Bc6 33.Rxh7+ Kg8 34.Rh8+  1-0

[Event "Coupe de France S/F"]
[Site "Noyon FRA"]
[Date "2010.06.13"]
[Round "1"]
[White "Housieaux,D"]
[Black "Svetushkin,D"]
[Result "0-1"]
[WhiteElo "2431"]
[BlackElo "2547"]

1.d4 Nf6 2.c4 e6 3.g3 d5 4.Nf3 Be7 5.Bg2 O-O 6.O-O dxc4 7.Qc2 a6 8.Qxc4 b5
9.Qc2 Bb7 10.Bd2 Be4 11.Qc1 Bb7 12.Qc2 h6 13.Rd1 Bd6 14.Nc3 Nbd7 15.a3 c5
16.Be1 Qb6 17.dxc5 Bxc5 18.b4 Be7 19.e4 Rac8 20.Qe2 Qc7 21.h3 Qb8 22.Rd4 Nb6
23.Rad1 Nc4 24.a4 e5 25.R4d3 Bxb4 26.Nd5 Bxd5 27.Bxb4 Bxe4 28.Rc3 Rfe8 29.Nh4 Bxg2
30.Nxg2 Qb7 31.axb5 Qxb5 32.Rdc1 Qxb4 33.Rxc4 Rxc4 34.Rxc4 Qb5 35.Qc2 Qd7
36.g4 Nd5 37.Qe4 Qb5 38.Qc2 Nf4 39.Nxf4 exf4 40.Rc8 f3 41.h4 Qd7 42.Rxe8+ Qxe8
43.Kh2 a5 44.h5 a4 45.Kg3 Qb8+ 46.Kh3 Qa8 47.Kg3 a3 48.Qa2 Kf8 49.Kf4 Ke7
50.Ke3 g5 51.hxg6 fxg6 52.Qa1 Kf7 53.Qa2+ Kg7 54.Qa1+ Kh7 55.Qa2 Kg7 56.Qa1+ Kf7
57.Qa2+ Ke7 58.Qa1 Ke6 59.Qa2+ Kd6 60.Qf7 Qc8 61.Kxf3 Qc3+ 62.Kg2 Qc6+ 63.Kg3 Kc5
64.Qb3 Qd6+ 65.Kh3 Kc6 66.f3 Qc5 67.Qe6+ Kb5 68.Qb3+ Ka5 69.Kg2 Qc1 70.Kh3 Qb2
71.Qd5+ Kb4 72.Qe4+ Kb3 73.Qe6+ Kc3 74.Qe3+ Kc4 75.Qe6+ Kd3 76.Qxg6+ Ke2
77.Qe4+ Kf2 78.Qf4 Kf1 79.Qc4+ Kg1 80.g5 a2 81.Qc5+ Kh1 82.gxh6 a1=Q 83.Kh4 Qf6+
84.Kh5 Qxf3+ 85.Kg6 Qaf6+  0-1

[Event "14th FIDE Open"]
[Site "Voronezh RUS"]
[Date "2010.06.13"]
[Round "2"]
[White "Oganian,M"]
[Black "Testova,V"]
[Result "1-0"]
[WhiteElo "2112"]
[BlackElo "1826"]

1.d4 Nf6 2.Nf3 e6 3.c4 d5 4.g3 Be7 5.Bg2 O-O 6.O-O dxc4 7.Qc2 a6 8.Qxc4 b5
9.Qc2 Bb7 10.Bd2 Nbd7 11.Ba5 Nb6 12.Nbd2 Rc8 13.b4 Nfd7 14.e3 Bf6 15.Ng5 Bxg5
16.Bxb7 Rb8 17.Bg2 Be7 18.Rac1 Bd6 19.Rfd1 Qe7 20.a3 e5 21.d5 f5 22.Qb3 Kh8
23.Rc6 Qf7 24.Nf3 Qf6 25.Qc2 g5 26.e4 f4 27.h3 Qg6 28.Bxb6 Rxb6 29.Nh2 Rfb8
30.Bf3 h5 31.g4 h4 32.Nf1 Nf6 33.Nd2 Qe8 34.Rxb6 Rxb6 35.Rc1 Rb8 36.Nb3 Nd7
37.Nc5 Nxc5 38.bxc5 Be7 39.Qc3 Bf8 40.Qa5 Qc8 41.Be2 Kg7 42.Bd1 Qb7 43.Bb3 Kf6
44.d6 cxd6 45.c6 Qc8 46.c7  1-0

[Event "45th Capablanca Mem Premier"]
[Site "Havana CUB"]
[Date "2010.06.18"]
[Round "8"]
[White "Khairullin,I"]
[Black "Corrales Jimenez,F"]
[Result "1/2-1/2"]
[WhiteElo "2617"]
[BlackElo "2590"]

1.d4 d5 2.c4 e6 3.Nf3 Nf6 4.g3 Be7 5.Bg2 O-O 6.O-O dxc4 7.Qc2 a6 8.a4 Bd7
9.Qxc4 Bc6 10.Bf4 a5 11.Nc3 Na6 12.Rad1 h6 13.Ne5 Bxg2 14.Kxg2 Nd5 15.Bc1 Bb4
16.Qb3 Nb6 17.Nc4 Nxc4 18.Qxc4 c6 19.e4 Rc8 20.Be3 Qe7 21.Ne2 Bd6 22.Nc1 Nb4  1/2-1/2

[Event "14th Master Open"]
[Site "Voronezh RUS"]
[Date "2010.06.19"]
[Round "7"]
[White "Kurukin,D"]
[Black "Simonian,T"]
[Result "1-0"]
[WhiteElo "2236"]
[BlackElo "2311"]

1.d4 d5 2.c4 e6 3.Nf3 Nf6 4.g3 Be7 5.Bg2 O-O 6.O-O dxc4 7.Qc2 a6 8.Qxc4 b5
9.Qc2 Bb7 10.Bd2 Be4 11.Qc1 b4 12.Bf4 Nd5 13.Nbd2 Nxf4 14.gxf4 Bb7 15.Nb3 Nd7
16.Na5 Bd5 17.Nc6 Qe8 18.Nxe7+ Qxe7 19.Qxc7 Rfc8 20.Qa5 Rc2 21.e3 Nf6 22.Rfc1 Rxb2
23.Rcb1 Rc2 24.Rxb4 Ng4 25.Rab1 Qe8 26.Ne1 Rxa2 27.Qc7 Bxg2 28.Nxg2 h5 29.Rb8 Rxb8
30.Rxb8 Ra1+ 31.Ne1 Rxe1+ 32.Kg2 Qxb8 33.Qxb8+ Kh7 34.h3 Nh6 35.Qb4 Ra1 36.Qb2 Ra5
37.e4 Ng8 38.Qd2 Rb5 39.Qa2 Nf6 40.Qxa6 Rb4 41.Qd3 g6 42.Qc3 Ra4 43.f3 Kg7
44.Kg3 Ra2 45.Kh4 Ra6 46.Qb2 Rc6 47.Qa1 Kh6 48.Qa8 Rc7 49.Qd8  1-0